مكتبة جامعة عجلون الوطنية

فهرس بحث المكتبة

Normal view MARC view
  • تأليف: الراغب الاصفهاني، ابي القاسم الحسين بن محمد بن المفضل؛ حققه وضبط نصوصه وعلق حواشيه: عمر الطباع

Entry Personal Name

Number of records used in: 1

001 - CONTROL NUMBER

  • control field: 59050

003 - CONTROL NUMBER IDENTIFIER

  • control field: JO-AjAnu

005 - DATE AND TIME OF LATEST TRANSACTION

  • control field: 20230606083647.0

008 - FIXED-LENGTH DATA ELEMENTS

  • fixed length control field: 230606|| aca||aabn | a|a d

040 ## - CATALOGING SOURCE

  • Original cataloging agency: JO-AjAnu
  • Transcribing agency: JO-AjAnu

100 ## - HEADING--PERSONAL NAME

  • Personal name: تأليف: الراغب الاصفهاني، ابي القاسم الحسين بن محمد بن المفضل؛ حققه وضبط نصوصه وعلق حواشيه: عمر الطباع

670 ## - SOURCE DATA FOUND

  • Source citation: Work cat.: (JO-AjAnu)30121: تأليف: الراغب الاصفهاني، ابي القاسم الحسين بن محمد بن المفضل؛ حققه وضبط نصوصه وعلق حواشيه: عمر الطباع, author, محاضرات الادباء ومحاورات الشعراء والبلغاء، ج1